LEADER 00934nam a2200241 i 4500 001 000000161910 003 CaOOAMICUS 005 20231030122107.0 008 070601s1942 it u000 u ita u 013 $a139274 040 $aSeMil$bita 100 1 $aAngelini, Cesare,$c.$0(OLS)http://semarc/name/18192 245 10$aNotizie di poeti /$cCesare Angelini. 260 $aFirenze :$bLe Monnier,$c1942. 300 $a102 p. ;$c19 cm. 490 0 $aQuaderni di letteratura e d'arte ;$v4 650 4$aPoesia italiana.$0(OLS)http://semarc/subject/2888 830 0$aQuaderni di letteratura e d'arte ;$v4.$0(OLS)http://semarc/title/14178 850 $aSeMil 852 $aSeMil$W1$xVenegono$y1$m1O I 408$j244029$B113287$CSeMilBibl$Z2$F123919 $81 996 $6245$aNotizie di poeti$9(OLS)http://semarc/title/145296 996 $6260$aFirenze :$bLe Monnier$9(OLS)http://semarc/publisher/30060 LEADER 01220nam a2200277 i 4500 001 000000195618 003 CaOOAMICUS 005 20250123115413.0 008 101221s2010 gw u000 u ger u 013 $a174296 020 $a978-3-451-26832-8 040 $aSeMil$bita 245 10$aJesus Sirach 1-23 /$cübersetzt und ausgelegt von Johannes Marböck. 260 $aFreiburg ; Basel ; Wien :$bHerder,$c2010. 300 $a285 p. ;$c25 cm. 490 0 $aHerders theologischer Kommentar zum Alten Testament 650 4$aBibbia. Antico Testamento. Siracide - Commentari, studi, critica, interpretazioni.$0(OLS)http://semarc/subject/12444 700 1 $aMarböck, Johannes.$0(OLS)http://semarc/name/34054 830 0$aHerders theologischer Kommentar zum Alten Testament.$0(OLS)http://semarc/title/5798 850 $aSeMil 852 $aSeMil$W1$xVenegono$y1$m2YA B 27/1$j254021$B146187$CSeMilBibl$Z2$F157678 $81 961 $aSottoscrizione: Herder 996 $6020$a978-3-451-26832-8$9(OLS)http://semarc/number/187370 996 $6245$aJesus Sirach 1-23$9(OLS)http://semarc/title/282290 996 $6260$aFreiburg ; Basel ; Wien :$bHerder$9(OLS)http://semarc/publisher/29643